Automatizovaný systém spracovania textových informácií

Salvato in:
Dettagli Bibliografici
Altri autori: Cigánik, Marek
Natura: Libro
Lingua:slovacco
Pubblicazione: Bratislava Alfa 1989
Edizione:1. vyd.
Tags: Aggiungi Tag
Nessun Tag, puoi essere il primo ad aggiungerne!!

MARC

LEADER 00000nam a2200000 4500
001 c031737
005 20230110092018.3
041 0 |a slo 
044 |a SK 
245 1 0 |a Automatizovaný systém spracovania textových informácií  |c Marek Cigánik a kol. 
250 |a 1. vyd. 
264 1 |a Bratislava  |b Alfa  |c 1989 
300 |a 491 s. 
700 1 |a Cigánik, Marek